000 00248nam a22000977a 4500
020 _a0333448561
100 _aFrancis J Gichaga, Neville A. Paker
245 _aEssentials of Highway Engineering
260 _bMacmillan Publishers
_c1988
942 _cBK
999 _c251172
_d251172